000 00589nam a2200217 a 4500
001 0001-1966
003 ELIB.Books
008 190122 2010 eng
020 _a1850785414
092 _a268.433 Bri
_bBri
100 _aBrierley, Danny.
245 _aWhat Every Volunteer Youth Worker Should Know
260 _aCarlisle
_bAuthentic Lifestyle
_c2003
300 _a190
_c20.4 cm
650 _aChurch work with Youth
856 _nKBTS Library
_uKBTS Elib
942 _2ddc
_cBK
990 _a2
998 _aEnglishbooks.elf
_ccat
_e2019-01-22
999 _c11966
_d11966